Активность твердой фазы при электрорастворении с поверхности неполностью покрытого электрода; Материалы Менделеевской межвузовской конференции (Томск, 21-22 февраля 1984 г.)

Podrobná bibliografie
Parent link:Материалы Менделеевской межвузовской конференции (Томск, 21-22 февраля 1984 г.).— 1984.— С. 58-59
Hlavní autor: Климачев Г. В.
Korporativní autor: Томский политехнический институт
Další autoři: Полякова В. Н.
Shrnutí:Деп. в ОНИИТЭХим, г. Черкассы, 28.12.84, № 1202-ХП-84.
Jazyk:ruština
Vydáno: 1984
Témata:
Médium: MixedMaterials Kapitola
KOHA link:https://koha.lib.tpu.ru/cgi-bin/koha/opac-detail.pl?biblionumber=594459

MARC

LEADER 00000naa0a2200000 4500
001 594459
005 20250207153849.0
029 0 0 |a SU  |b 1202-ХП-84  |f ОНИИТЭХим 
035 |a (RuTPU)RU\TPU\tpu\9944 
035 |a RU\TPU\tpu\9942 
090 |a 594459 
100 |a 20021023d1984 k y0rusy50 ca 
101 0 |a rus 
102 |a RU 
200 1 |a Активность твердой фазы при электрорастворении с поверхности неполностью покрытого электрода  |f Г. В. Климачев, В. Н. Полякова 
300 |a Деп. в ОНИИТЭХим, г. Черкассы, 28.12.84, № 1202-ХП-84. 
463 |t Материалы Менделеевской межвузовской конференции (Томск, 21-22 февраля 1984 г.)  |o секция физической и органической химии  |v С. 58-59  |d 1984 
610 1 |a труды учёных ТПУ 
700 1 |a Климачев  |b Г. В.  |c кандидат технических наук  |c ХТФ  |f 1941-  |3 (RuTPU)RU\TPU\pers\4034 
701 1 |a Полякова  |b В. Н.  |c кандидат технических наук  |c ХТФ  |f 1946-  |3 (RuTPU)RU\TPU\pers\4041 
712 0 2 |a Томский политехнический институт 
801 2 |a RU  |b 63413507  |c 20100224  |g PSBO 
942 |c BK